Quizzes
Events
Quiz Creation
Community
Videos
Private Events
Remove Ads
Sign In
Join for FREE
Feedback
Dark Mode
Quiz Categories
Sports
Geography
Music
Movies
Television
Just For Fun
Miscellaneous
History
Literature
Language
Science
Gaming
Entertainment
Religion
Holiday
For Kids
Quiz Lab
Recent
Popular Today
Quiz Kudos Today
Editor Picks
Curator Picks
Quizzes by...
Day
Popularity
Type
Ratings
Length
Year
Community
Subscriptions
Recent Discussions
Orange Saloon
Badges
Playlists
Quests
Create
Leaderboards
Showdown
Live 5
Trivia Bingo
Activity
Puzzle Library
Sporcle Events
Private Events
Virtual Trivia
Globe League
Become a Host
Pub Owners
SporcleCon
Opinionation
Our Games
Videos
Blog
Mobile Apps
Partnerships
Remove Ads and Go Orange
Feedback
Music
Pop Music
The Beatles
Song
Album
Lyrics
Bands
Singers
Artist
Clip
Rock
Rap
Classical
Billboard
Country Music
Kpop
Taylor Swift
Music
Pop Music
The Beatles
Song
Album
Lyrics
Bands
Singers
Artist
Clip
Rock
Rap
Classical
Billboard
Country Music
Kpop
Taylor Swift
Random Quiz
Search Sporcle
×
Quiz Lab
Quiz Lab
Music
Song
Type in answers that appear in a list
Type in answers that appear in a list
Classic
Best Score? Go Orange.
Charlie the Unicorn Lyrics 2 Stats
Can you name the lyrics to the Banana King Song?
By
confuzzled
5m
171 Questions
181 Plays
181 Plays
181 Plays
Comments
Comments
Give Quiz Kudos
Give Quiz Kudos
-
- Ratings
hide this ad
More Info
Replay
Link that replays current quiz
Next Quiz
Link to next quiz in quiz playlist
You Got
0%
They Got
Avg Score
70%
Avg Friend Score
Upgrade to see
Score Distribution
Jump to the score distribution portion of the page
Score
0/171
Timer
05:00
0
Plays Today
% Correct
you
94.5%
you
94.5%
You
94.5%
you
94.5%
you.)
94.5%
banana
93.9%
banana
93.9%
banana
93.9%
banana
93.9%
banana
93.9%
banana
93.9%
banana
93.9%
and
90.6%
...The
90.6%
a
90.6%
a
90.6%
(A
90.6%
a
90.6%
The
90.6%
the
90.6%
a
90.6%
and
90.6%
a
90.6%
a
90.6%
the
90.6%
and
90.6%
the
90.6%
a
90.6%
and
90.6%
your
90.1%
your
90.1%
your
90.1%
you're
90.1%
your
90.1%
your
90.1%
your
90.1%
your
90.1%
your
90.1%
your
90.1%
your
90.1%
your
90.1%
in
89.5%
in
89.5%
in
89.5%
in
89.5%
in
89.5%
in
89.5%
in
89.5%
in
89.5%
in
89.5%
in
89.5%
in
89.5%
ear!
89%
ear?)
89%
ear.
89%
ear
89%
ear!
89%
% Correct
ear!
89%
ear
89%
ear!
89%
Charlie,
84.5%
Charlie,
84.5%
put
84.5%
Put
84.5%
put
84.5%
Put
84.5%
put
84.5%
do
81.8%
so
80.7%
So
80.7%
so
80.7%
so
80.7%
so
80.7%
to
77.9%
to
77.9%
to
77.9%
right
76.8%
down.
75.7%
favorite
75.7%
have
75.1%
have
75.1%
look
74.6%
frown.
74.6%
It's
74.6%
it's
74.6%
It's
74.6%
it's
74.6%
big
74%
big
74%
big
74%
world
73.5%
when
73.5%
when
73.5%
into
73.5%
world
73.5%
when
73.5%
when
73.5%
With
72.4%
be
71.8%
be
71.8%
eyes,
70.7%
true.
70.2%
true.
70.2%
true
70.2%
true,
70.2%
fat
69.1%
is;
69.1%
my
69.1%
is
69.1%
my
69.1%
sad
68.5%
sad
68.5%
doesn't
67.4%
gray!
66.9%
% Correct
ripe
66.3%
life's
63%
All
63%
life
63%
quite
62.4%
will
60.2%
will
60.2%
(says
59.7%
(says
59.7%
who?)
58%
mess,
57.5%
what
56.9%
feeling
56.4%
go
56.4%
go
56.4%
distress,
55.8%
blue,
55.2%
blue
55.2%
know
54.7%
can
54.7%
on
54.1%
that
53.6%
clear.)
51.4%
clear.
51.4%
away.
50.8%
bad
49.2%
hear,
49.2%
always
48.1%
Once
48.1%
hard
48.1%
cheers,
47.5%
if
47.5%
happy
47%
disappear.
45.3%
fear.
45.3%
wash
44.8%
live
43.6%
keep
43.1%
never
42%
I
41.4%
rather
40.3%
(I'd
38.7%
gloom
35.9%
are
33.1%
bright
32%
bright
32%
sphere,
28.2%
every
27.6%
every
27.6%
Oh
27.1%
day
27.1%
of
27.1%
year,
27.1%
sun
26.5%
shines
25.4%
this
24.9%
skies
24.3%
Quiz Playlist
Details
Report
Send in Message
Add To Playlist
More Info:
"()" Is Charlie the Unicorn speaking.
Classic:
Type in answers that appear in a list
Last Updated: Feb 16, 2017
Quiz Scoreboard
CHALLENGE
Sign Up to Join the Scoreboard
Show All
Scores
Hide
Comments
May contain spoilers
Recently Published
College Basketball Coaching Resumes
by pancakes188
Sports
9m
Billboard Blitz: Fleetwood Mac
by CooCooCachoo
Music
15s
Presidents Visiting Landmarks
by Hejman
History
7m
More to Explore
Quiz From the Vault
Featured Blog Post
Where Did the Easter Bunny Come From?
hide this ad
You Might Also Like...
Tags
Lyrics Quiz
Song Quiz
banana
charlie
King
Unicorn
Today's Top Quizzes in Music
Browse Music
hide this ad
Today's Top Quizzes in Song
Browse Song
Top Contributed Quizzes in Music
1
Taylor Swift All Songs (2024)
2
7-to-1: Billboard Hot 100 #1 Hits of 2010s
3
Guess the Artist- 70s Songs
4
Sorting Albums and Songs
5
Taylor Swift Logic Puzzle
6
KPOP LOGIC QUIZ
7
Guess the Taylor Swift song (Mystery Song)
8
2010s Album by Cover III
9
One Thing in Common: Music
10
Guess The Taylor Swift Lyrics Song #1
Explore More
Trending Topics
Harry Potter
Anime
Marvel
NBA
Disney
Crossword
Kpop
WWE
NFL
Pokémon
Country
Puzzle
Song
Soccer
The Office
hide this ad
More By:
confuzzled
Quiz
Plays
Rating
Category
Featured
Created
Bible Trivia
283
Religion
Mar 7, 2012
Charlie the Unicorn Lyrics 2
181
4.75
Music
Jun 27, 2010
words ending in -ime
167
3.33
Miscellaneous
May 8, 2010
Charlie the Unicorn Lyrics
154
3.50
Music
Jun 24, 2010
Kony 2012
105
3.00
Miscellaneous
Mar 9, 2012
Go to Creator's Profile
Score Distribution
Quiz Creator Spotlight
confuzzled
Follow
Send a Message
Quizzes Created
-
Created Quiz Play Count
-
More By This Creator
Popular Quizzes Today
1
Find the US States - No Outlines Minefield
2
Find the Countries of Europe - No Outlines Minefield
3
The Countries of the World
4
Find the US States
5
Risky Map Clicking: Biggest States A-Z
6
US States
7
Popular People in 1961
8
Movies - When Are They Set?
More Music Quizzes
8 to 1 1980's Musical Artists & Songs
Editor's Pick
Trending Quizzes
Risky Map Clicking: Least Populous States A-Z
1-10 Letter G Words
1-10 Letter F Words
Risky Map Clicking: Next State Alphabetically
Risky Map Clicking: Biggest States A-Z
Recently Updated
Leaping Animals
pecheneg
Reality TV Shows (A-Z)
bhenderson79
Rickey Henderson's Hall of Fame Teammates
pecheneg
Champions League XIs: Arsenal
pecheneg
Quick Pick: Celebrities in WWE's Hall of Fame
aduchscher
A-Z Keypad Blitz II
pecheneg
Multiple Oscar Actors
pecheneg
Mystery Phrase Blitz: Oscar 'Best Actors'
pecheneg
F. Scott Fitzgerald Novels
LTH
Pick 3 Villains
ddd62291
Trending Topics
Disney
Anime
Harry Potter
Kpop
NBA
Marvel
Crossword
Pokémon
Song
NFL
WWE
The Office
Puzzle
Soccer
Country
Your Account Isn't Verified!
In order to create a playlist on Sporcle, you need to verify the email address you used during registration. Go to your
Sporcle Settings
to finish the process.
Report this User
Report this user for behavior that violates our
Community Guidelines
.
Details:
Send Report
Go to the Sporcle.com Mobile Site →
Comments